000 00405nam a2200169Ia 4500
008 230524s9999 xx 000 0 und d
082 _a4.6
_bJAI
100 _aMahadeo Jaiswal
245 0 _aManagement Information Systems
250 _a4TH
260 _aNEW DELHI
_bOxford
_c2006
300 _aXVI;631
500 _aQuantity Number: 2
650 _aComp-Sc
700 _a Monika Mital
942 _cBK
999 _c46562
_d46562